书目信息 |
| 题名: |
色彩构成
|
|
| 作者: | 黄伟 , 张玮 主编 | |
| 分册: | ||
| 出版信息: | 南京 南京大学出版社 2014.08 |
|
| 页数: | 95页 | |
| 开本: | 20cm | |
| 丛书名: | ||
| 单 册: | ||
| 中图分类: | J063 | |
| 科图分类: | ||
| 主题词: | 美术理论 | |
| 电子资源: | ||
| ISBN: | 7-305-13499-6 | |
| 000 | 00600nam0 2200205 450 | |
| 001 | 1454636067 | |
| 005 | 20141113151628.53 | |
| 010 | @a7-305-13499-6@dCNY30.00 | |
| 100 | @a20141113d2014 km y0chiy0120 ea | |
| 101 | 0 | @achi |
| 102 | @aCN@b320000 | |
| 200 | 1 | @a色彩构成@Ase cai gou cheng@f主编黄伟, 张玮@Fzhu bian huang wei,zhang wei |
| 210 | @a南京@c南京大学出版社@d2014.08 | |
| 215 | @a95页@d20cm | |
| 606 | 0 | @a美术理论 |
| 690 | @aJ063@v4 | |
| 701 | 0 | @a黄伟@Ahuang wei@4主编 |
| 701 | 0 | @a张玮@Azhang wei@4主编 |
| 801 | 0 | @aCN@b大连网信软件有限公司图书馆·11@c20141113 |
| 905 | @aZUCC@dJ063@eH893 | |
| 色彩构成/主编黄伟, 张玮.-南京:南京大学出版社,2014.08 |
| 95页;20cm |
| ISBN 7-305-13499-6:CNY30.00 |
| ● |
| 相关链接 |
|
|
|
正题名:色彩构成
索取号:J063/H893
 
预约/预借
| 序号 | 登录号 | 条形码 | 馆藏地/架位号 | 状态 | 备注 |
| 1 | 494987 | 204949878 | 城院文库/ [索取号:J063/H893] | 在馆 | |
| 2 | 494988 | 204949887 | 城院文库/ [索取号:J063/H893] | 在馆 |